00318nam a2200109Ia 4500008004100000020002100041082001900062100003900081245006700120260000900187300001200196191014s9999 xx 000 0 und d a978-1-4822-50350 a621.00151bAYY aBilal M. Ayyub Richard H. Mc Cuen  0aNumerical Analysis for Engineers: Methods and Applications 2/E c2016 aXIX,431